Statistics for Villain Quotes/Monologues

Click here to take the quiz!

General Stats

  • This quiz has been taken 19 times
  • The average score is 5 of 14

Answer Stats

HintAnswer% Correct
Do I look like a guy with a plan?Joker
94%
I'll be backTerminator
76%
I find your lack of faith disturbingDarth Vader
65%
When everyone's super, no one will beSyndrome
53%
You either die a hero or live long enough to see yourself become the villainTwo-Face
53%
what they love more than a hero is to see a hero fail, fall, die tryingGreen Goblin
41%
The greatest trick the devil ever pulled was convincing the world he didn't exist and like that, he's goneKeyser Söze
41%
Behind this mask there is more than just flesh. Beneath this mask, there is an idea… and ideas are bulletproofV
35%
Son we live in a world with walls and those walls have to be guarded by men with guns. Who's gonna do it? You?! You Lt. Weinberg!Col. Jessup
29%
I am burdened with glorious purposeLoki
24%
I'm not even going to swat that fly. I hope they are watching, they'll see, they'll see and they'll know, they'll say "why she wouldn't even harm a fly.Norman Bates
18%
They will shun him, cast him out. How can they not? To believe him, is not to believe themselves. Skeksis reign 1000 trine, and will reign a thousand, thousand more! Until last star in sky goes dark. Gelfling will submit head bowed, back bent as have always done! Gelfling want to be ruled, Gelfling need to be ruled. Because Gelfling are weak, Gelfling are small, and Skeksis are forever. We took the crystal Thra belongs to us now, and is nothing, nothing Gelfling can do!Chamberlain
6%
As long as I'm alive you can save your friends. You've got a way out. Well good luck with thatJim Moriarty
6%
People do it every day, they talk to themselves and they see themselves as they want to be, they don't have the courage you had to just run with it.Tyler Durden
6%

Score Distribution

Percentile by Number Answered

Percent of People with Each Score

Your Score History

You have not taken this quiz